Sportives de GTA 5 - Statistiques

Statistiques générales
  • Ce quiz a été pris 22 fois
    4 depuis la dernière actualisation
  • Le résultat moyen est 42 sur 122
Statistiques - réponses
Marque Modèle % Correct
Bravado Buffalo
75%
Bravado Buffalo S
75%
Bravado Buffalo Sprunk
75%
Karin Kuruma
75%
Karin Kuruma (blindée)
75%
Obey 10F
50%
Obey 10F large
50%
Obey 9F
50%
Obey 9F Cabrio
50%
Bravado Banshee
50%
Bravado Banshee GTS
50%
Pfister Comet
50%
Pfister Comet rétro custom
50%
Pfister Comet S2
50%
Pfister Comet S2 Cabrio
50%
Pfister Comet Safari
50%
Pfister Comet SR
50%
Invetero Coquette
50%
Invetero Coquette D10
50%
Invetero Coquette D5
50%
Karin Futo
50%
Karin Futo GTX
50%
Dinka Jester
50%
Dinka Jester classique
50%
Dinka Jester (course)
50%
Dinka Jester RR
50%
Hijak Khamelion
50%
Dinka LSCM Jester RR
50%
Ocelot Lynx
50%
Vysser Neo
50%
Pfister Neon
50%
Benefactor Schafter LWB
50%
Benefactor Schafter V12
50%
Benefactor Schwartzer
50%
Übermacht Sentinel classique
50%
Übermacht Sentinel classique large
50%
Übermacht Sentinel GTS
50%
Annis 300R
25%
Obey 8F Drafter
25%
Albany Alpha
25%
Grotti Bestia GTS
25%
Dinka Blista Compact
25%
Dinka Blista Go Go Monkey
25%
Karin Calico GTF
25%
Grotti Carbonizzare
25%
Lampadati Corsita
25%
Übermacht Cypher
25%
Annis Elegy rétro custom
25%
Annis Elegy RH8
25%
Bollokan Envisage
25%
Annis Euros
25%
Benefactor Feltzer
25%
Vapid Flash GT
25%
Lampadati Furore GT
25%
Schyster Fusilade
25%
Vapid GB200
25%
Pfister Growler
25%
Karin Hotring Everon
25%
Bravado Hotring Hellfire
25%
Declasse Hotring Sabre
25%
Överflöd Imorgon
25%
Weeny Issi sport
25%
Grotti Itali GTO
25%
Grotti Itali RSX
25%
Ocelot Jugular
25%
Lampadati Komoda
25%
Penaud La Coureuse
25%
Ocelot Locust
25%
Dewbauchee Massacro
25%
Dewbauchee Massacro (course)
25%
Übermacht Niobe
25%
Obey Omnis
25%
Obey Omnis e-GT
25%
Toundra Panthere
25%
Enus Paragon R
25%
Enus Paragon R (blindée)
25%
Enus Paragon S
25%
Ocelot Pariah
25%
Maibatsu Penumbra
25%
Maibatsu Penumbra FF
25%
Coil Raiden
25%
Dewbauchee Rapid GT
25%
Dewbauchee Rapid GT X
25%
Bürgerfahrzeug Raptor
25%
Annis Remus
25%
Übermacht Revolter
25%
Dinka RT3000
25%
Hijak Ruston
25%
Karin S95
25%
Benefactor Schlagen GT
25%
Dewbauchee Seven-70
25%
Benefactor SM722
25%
Dewbauchee Specter
25%
Dewbauchee Specter custom
25%
Grotti Stinger TT
25%
Benefactor Streiter
25%
Dinka Sugoi
25%
Karin Sultan
25%
Karin Sultan classique
25%
Karin Sultan RS classique
25%
Benefactor Surano
25%
Declasse Tampa drift
25%
Lampadati Tropos rallye
25%
Emperor Vectre
25%
Bravado Verlierer
25%
Dinka Veto classique
25%
Dinka Veto moderne
25%
Albany V-STR
25%
Annis ZR350
25%
Annis ZR380 anticipation
25%
Annis ZR380 apocalypse
25%
Annis ZR380 cauchemar
25%
Aucun quiz correspondant
Distribution des résultats
% des personnes avec chaque résultat
Percentile par nombre de réponses
Votre historique - résultats
Vous n’avez pas pris ce quiz depuis la dernière actualisation